| 000 | 00711nam a2200181 i 4500 | ||
|---|---|---|---|
| 001 | 114751 | ||
| 003 | ES-MaACL | ||
| 005 | 20230906190237.0 | ||
| 007 | t| | ||
| 008 | 070322s1921 sz ||||1| eng d | ||
| 111 | 2 |
_aInternational Congress of Women ( _n3ยบ. _d1921. _cViena) _9761 |
|
| 245 | 1 | 0 |
_aReport of the third International Congress of Women, Vienna, July 10-17, 1921 / _cWomen's International League for Peace and Freedom. |
| 260 |
_aGeneva : _bWomen's International League for Peace and Freedom, _c1921. |
||
| 300 |
_aXII, 324 p. ; _c24 cm. |
||
| 650 | 1 | 4 |
_aMujeres- _vCongresos y asambleas. _915261 |
| 710 | 1 |
_aWomen's International League for Peace and Freedom. _97572 |
|
| 852 |
_aES-MaACL _jC-2799 |
||
| 999 |
_c114751 _d114751 |
||